|
|
|
|
| LEADER |
00000nam0a2200000 4500 |
| 001 |
276536 |
| 005 |
20231101234929.0 |
| 035 |
|
|
|a (RuTPU)RU\TPU\book\299808
|
| 035 |
|
|
|a RU\TPU\book\299802
|
| 090 |
|
|
|a 276536
|
| 100 |
|
|
|a 20141124d1985 k y0rusy50 ca
|
| 101 |
0 |
|
|a rus
|
| 102 |
|
|
|a EE
|
| 105 |
|
|
|a a z 001zy
|
| 200 |
1 |
|
|a Совершенствование учета и экономического анализа в промышленности и строительстве
|e [сборник научных трудов]
|f Таллинский политехнический институт (ТПИ)
|
| 210 |
|
|
|a Таллин
|c Изд-во ТалПИ
|d 1985
|
| 215 |
|
|
|a 104 с.
|c ил.
|
| 225 |
1 |
|
|a Труды Таллинского политехнического института
|v № 611
|
| 225 |
1 |
|
|a Труды экономического факультета
|v [Сб.] 57
|
| 320 |
|
|
|a Библиогр. в конце ст.
|
| 606 |
1 |
|
|a Промышленность
|x Экономика
|2 stltpush
|3 (RuTPU)RU\TPU\subj\36779
|9 58034
|
| 606 |
1 |
|
|a Строительство
|x Технико-экономический анализ
|2 stltpush
|3 (RuTPU)RU\TPU\subj\57886
|9 75735
|
| 610 |
1 |
|
|a учет
|
| 610 |
1 |
|
|a экономический анализ
|
| 610 |
1 |
|
|a цены
|
| 610 |
1 |
|
|a качество
|
| 610 |
1 |
|
|a чистая продукция
|
| 610 |
1 |
|
|a сырьевые ресурсы
|
| 610 |
1 |
|
|a интеграция
|
| 610 |
1 |
|
|a себестоимость
|
| 610 |
1 |
|
|a калькулирование
|
| 610 |
1 |
|
|a занятость
|
| 610 |
1 |
|
|a динамика
|
| 610 |
1 |
|
|a автоматизированные системы
|
| 610 |
1 |
|
|a моделирование
|
| 610 |
1 |
|
|a производительность труда
|
| 675 |
|
|
|a 658
|v 3
|
| 675 |
|
|
|a 69:658.152
|v 3
|
| 686 |
|
|
|a У9(2)30
|v LBC/SL-A
|2 rubbk
|
| 712 |
0 |
2 |
|a Таллинский политехнический институт (ТПИ)
|c (1941-1989)
|2 stltpush
|3 (RuTPU)RU\TPU\col\12417
|
| 801 |
|
1 |
|a RU
|b 63413507
|c 20141107
|
| 801 |
|
2 |
|a RU
|b 63413507
|c 20151202
|g RCR
|
| 942 |
|
|
|c BK
|